|
|
|
|
| LEADER |
00000naa2a2200000 4500 |
| 001 |
623030 |
| 005 |
20231101133236.0 |
| 035 |
|
|
|a (RuTPU)RU\TPU\conf\21874
|
| 035 |
|
|
|a RU\TPU\conf\21872
|
| 090 |
|
|
|a 623030
|
| 100 |
|
|
|a 20170719d2017 k y0rusy50 ba
|
| 101 |
0 |
|
|a eng
|
| 102 |
|
|
|a RU
|
| 105 |
|
|
|a y z 101zy
|
| 135 |
|
|
|a drgn ---uucaa
|
| 181 |
|
0 |
|a i
|
| 182 |
|
0 |
|a b
|
| 200 |
1 |
|
|a Comparative evaluation of different radical initiators, used for production of graft copolymers, based on atactic polypropylene
|f M. S. Polonskiy, V. A. Zhelnorovich, R. A. Kotomkin
|g sci. adv. O. V. Rotar
|
| 203 |
|
|
|a Текст
|c электронный
|
| 225 |
1 |
|
|a Химия и химическая технология на иностранном языке
|
| 230 |
|
|
|a 1 компьютерный файл (pdf; 637 Kb)
|
| 300 |
|
|
|a Заглавие с экрана
|
| 320 |
|
|
|a [Библиогр.: с. 444 (4 назв.)]
|
| 463 |
|
0 |
|0 (RuTPU)RU\TPU\conf\21448
|t Химия и химическая технология в XXI веке
|o материалы XVIII Международной научно-практической конференции студентов и молодых ученых имени профессора Л.П. Кулёва, 29 мая-1 июня 2017 г., г. Томск
|f Национальный исследовательский Томский политехнический университет (ТПУ) ; Институт природных ресурсов (ИПР) ; Институт физики высоких технологий (ИФВТ) ; Физико-технический институт (ФТИ)
|v [С. 443-444]
|d 2017
|
| 610 |
1 |
|
|a труды учёных ТПУ
|
| 610 |
1 |
|
|a электронный ресурс
|
| 610 |
1 |
|
|a полипропилен
|
| 610 |
1 |
|
|a сомономеры
|
| 610 |
1 |
|
|a сополимеризация
|
| 610 |
1 |
|
|a стирол
|
| 610 |
1 |
|
|a термоокислительные процессы
|
| 700 |
|
1 |
|a Polonskiy
|b M. S.
|
| 701 |
|
1 |
|a Zhelnorovich
|b V. A.
|
| 701 |
|
1 |
|a Kotomkin
|b R. A.
|
| 702 |
|
1 |
|a Rotar
|b O. V.
|c Chemical Engineer
|c Associate Professor of Tomsk Polytechnic University, candidate of chemical sciences
|f 1947-
|g Olga Vasilievna
|2 stltpush
|4 727
|
| 712 |
0 |
2 |
|a Национальный исследовательский Томский политехнический университет (ТПУ)
|b Институт природных ресурсов (ИПР)
|b Кафедра технологии органических веществ и полимерных материалов (ТОВПМ)
|h 6832
|2 stltpush
|3 (RuTPU)RU\TPU\col\18659
|
| 801 |
|
2 |
|a RU
|b 63413507
|c 20170727
|g RCR
|
| 856 |
4 |
|
|u http://earchive.tpu.ru/handle/11683/41665
|
| 942 |
|
|
|c BK
|